The best man / (Record no. 29906)

MARC details
000 -LEADER
fixed length control field 01949cam a2200361Ii 4500
001 - CONTROL NUMBER
control field 1222918693
003 - CONTROL NUMBER IDENTIFIER
control field OCoLC
005 - DATE AND TIME OF LATEST TRANSACTION
control field 20240626185012.0
008 - FIXED-LENGTH DATA ELEMENTS--GENERAL INFORMATION
fixed length control field 201119t20202020onc e 000 1 eng d
020 ## - INTERNATIONAL STANDARD BOOK NUMBER
International Standard Book Number 9781335209610
040 ## - CATALOGING SOURCE
Original cataloging agency ABJ
Language of cataloging eng
Description conventions rda
Transcribing agency ABJ
Modifying agency OCLCO
-- GL4
090 ## - LOCALLY ASSIGNED LC-TYPE CALL NUMBER (OCLC); LOCAL CALL NUMBER (OCLC)
Classification number (OCLC) (R) ; Classification number, CALL (RLIN) (NR) FIC HIG
100 1# - MAIN ENTRY--PERSONAL NAME
Personal name Higgins, Kristan,
Relator term author.
245 14 - TITLE STATEMENT
Title The best man /
Statement of responsibility, etc. Kristan Higgins.
250 ## - EDITION STATEMENT
Edition statement [Revised edition].
260 ## - PUBLICATION, DISTRIBUTION, ETC. (IMPRINT)
Place of publication, distribution, etc. Toronto, Ontario :
Name of publisher, distributor, etc. HQN,
Date of publication, distribution, etc. c2020.
264 #1 - PRODUCTION, PUBLICATION, DISTRIBUTION, MANUFACTURE, AND COPYRIGHT NOTICE
Place of production, publication, distribution, manufacture Toronto, Ontario :
Name of producer, publisher, distributor, manufacturer HQN,
Date of production, publication, distribution, manufacture, or copyright notice 2020.
264 #4 - PRODUCTION, PUBLICATION, DISTRIBUTION, MANUFACTURE, AND COPYRIGHT NOTICE
Date of production, publication, distribution, manufacture, or copyright notice c2020.
300 ## - PHYSICAL DESCRIPTION
Extent 411 pages ;
Dimensions 18 cm.
336 ## - CONTENT TYPE
Content type term text
Content type code txt
Source rdacontent.
337 ## - MEDIA TYPE
Media type term unmediated
Media type code n
Source rdamedia.
338 ## - CARRIER TYPE
Carrier type term volume
Carrier type code nc
Source rdacarrier.
490 0# - SERIES STATEMENT
Series statement Blue Heron ;
Volume/sequential designation 1.
500 ## - GENERAL NOTE
General note "First published in 2013. This edition published in 2020 with revised text"--Title page verso.
500 ## - GENERAL NOTE
General note Donation 1-22.
520 ## - SUMMARY, ETC.
Summary, etc. "Sometimes the best man is the one you least expect... Faith Holland left her hometown after being jilted at the altar. Now a little older and wiser, she's ready to return to the Blue Heron Winery, her family's vineyard, to confront the ghosts of her past and maybe enjoy a glass of red. After all, there's some great scenery there... Like Levi Cooper, the local police chief--and best friend of her former fianc©♭. There's a lot about Levi that Faith never noticed, and it's not just those deep green eyes. The only catch is she's having a hard time forgetting that he helped ruin her wedding all those years ago. If she can find a minute amidst all her family drama to stop and smell the ros©♭, she just might discover a reason to stay at Blue Heron and finish that walk down the aisle"--Page 4 of cover.
650 #0 - SUBJECT ADDED ENTRY--TOPICAL TERM
Topical term or geographic name as entry element Man-woman relationships
Form subdivision Fiction.
650 #0 - SUBJECT ADDED ENTRY--TOPICAL TERM
Topical term or geographic name as entry element Police chiefs
Form subdivision Fiction.
650 #0 - SUBJECT ADDED ENTRY--TOPICAL TERM
Topical term or geographic name as entry element Wineries
Geographic subdivision New York (State)
-- Finger Lakes
Form subdivision Fiction.
651 #0 - SUBJECT ADDED ENTRY--GEOGRAPHIC NAME
Geographic name Finger Lakes (N.Y.)
Form subdivision Fiction.
655 #7 - INDEX TERM--GENRE/FORM
Genre/form data or focus term Romance fiction.
Source of term lcgft.
942 ## - ADDED ENTRY ELEMENTS (KOHA)
Koha item type Libro/Book
Holdings
Withdrawn status Lost status Damaged status Not for loan Home library Current library Shelving location Date acquired Inventory number Total Checkouts Full call number Barcode Checked out Date last seen Date checked out Price effective from Koha item type
        San Juan Del Sur -- Biblioteca San Juan Del Sur -- Biblioteca English 26/06/2024 Inventory date: 15-5-25 2 FR 30030607 12/08/2025 08/07/2025 08/07/2025 26/06/2024 Libro/Book

Powered by Koha